000 00376nam a2200133Ia 4500
003 GCL
008 140319s9999 xx 000 0 ara d
040 _aGCL /
_cGCL
082 0 4 _a813.01
_bم خ
100 1 _aماجد ابوشرار
245 1 0 _aالخبز المر /
_cماجد ابوشرار
300 _a92 ص
490 _aالهيئة العامة للاستعلامات
_v0
999 _c47587
_d47587